Quizzes
Events
Quiz Creation
Community
Videos
Private Events
Remove Ads
Sign In
Join for FREE
Feedback
Dark Mode
Quiz Categories
Sports
Geography
Music
Movies
Television
Just For Fun
Miscellaneous
History
Literature
Language
Science
Gaming
Entertainment
Religion
Holiday
For Kids
Quiz Lab
Recent
Popular Today
Quiz Kudos Today
Editor Picks
Curator Picks
Quizzes by...
Day
Popularity
Type
Ratings
Length
Year
Community
Subscriptions
Recent Discussions
Orange Saloon
Badges
Playlists
Quests
Create
Leaderboards
Showdown
Live 5
Trivia Bingo
Activity
Puzzle Library
Sporcle Events
Private Events
Virtual Trivia
Globe League
Become a Host
Pub Owners
SporcleCon
Opinionation
Our Games
Videos
Blog
Mobile Apps
Partnerships
Remove Ads and Go Orange
Feedback
Sports
Athletes
MLB
NBA
NHL
NFL
Soccer
Sports Teams
WWE
NCAA
Football
Premier League
Basketball
Baseball
Hockey
Golf
Tennis
Cricket
Rugby
Auto Racing
Olympics
World Cup
Sports
Athletes
MLB
NBA
NHL
NFL
Soccer
Sports Teams
WWE
NCAA
Football
Premier League
Basketball
Baseball
Hockey
Golf
Tennis
Cricket
Rugby
Auto Racing
Olympics
World Cup
Random Quiz
Search Sporcle
×
Curator Pick
Curator Pick
Sports
Olympics
Type in answers that appear in a list
Type in answers that appear in a list
Classic
Best Score? Go Orange.
Summer Olympics Losing Bids Stats
Can you name the cities that entered bids to host the Summer Olympic Games and lost?
By
DCU
6m
73 Questions
5,438 Plays
5,438 Plays
5,438 Plays
Comments
Comments
Give Quiz Kudos
Give Quiz Kudos
-
- Ratings
hide this ad
Replay
Link that replays current quiz
Next Quiz
Link to next quiz in quiz playlist
You Got
0%
They Got
Avg Score
78%
Avg Friend Score
Upgrade to see
Score Distribution
Jump to the score distribution portion of the page
Score
0/73
Timer
06:00
0
Plays Today
Year of Games
City
% Correct
1992
Paris
96.4%
2008
Paris
96.4%
2012
Paris
96.4%
2012
New York
95.4%
1908
Berlin
95%
2000
Berlin
95%
1960
Tokyo
94.8%
2016
Tokyo
94.8%
1972
Madrid
94.4%
2012
Madrid
94.4%
2016
Madrid
94.4%
1924
Rome
93.9%
1944
Rome
93.9%
2004
Rome
93.9%
1940
London
93.8%
1976
Moscow
92.8%
2012
Moscow
92.8%
1924
Los Angeles
92.2%
1952
Los Angeles
92.2%
1956
Los Angeles
92.2%
1976
Los Angeles
92.2%
1980
Los Angeles
92.2%
1952
Chicago
91.6%
1956
Chicago
91.6%
2016
Chicago
91.6%
1956
Mexico City
89%
1960
Mexico City
89%
1924
Amsterdam
88.6%
1952
Amsterdam
88.6%
1992
Amsterdam
88.6%
1996
Toronto
87.9%
2008
Toronto
87.9%
2000
Beijing
87.3%
1996
Athens
85.9%
2000
Istanbul
85.5%
2008
Istanbul
85.5%
1936
Barcelona
84.7%
Year of Games
City
% Correct
1956
Buenos Aires
84.4%
1968
Buenos Aires
84.4%
2004
Buenos Aires
84.4%
1996
Melbourne
83.1%
1960
Brussels
82.1%
1964
Brussels
82.1%
2004
Stockholm
82%
1916
Budapest
81%
1960
Budapest
81%
1972
Montreal
79.7%
1996
Manchester
79.7%
2000
Manchester
79.7%
1964
Vienna
77.6%
2004
Cape Town
75.5%
1956
San Francisco
75.4%
1952
Philadelphia
64.4%
1956
Philadelphia
64.4%
1944
Detroit
63.5%
1952
Detroit
63.5%
1956
Detroit
63.5%
1960
Detroit
63.5%
1964
Detroit
63.5%
1968
Detroit
63.5%
1972
Detroit
63.5%
2008
Osaka
62.5%
1920
Lyon
61.6%
1968
Lyon
61.6%
1992
Belgrade
60.5%
1996
Belgrade
60.5%
1992
Birmingham
59.9%
1992
Brisbane
49.2%
1952
Minneapolis
34.1%
1956
Minneapolis
34.1%
1944
Lausanne
26.4%
1960
Lausanne
26.4%
1988
Nagoya
21.3%
Quiz Playlist
Details
Report
Send in Message
Add To Playlist
Classic:
Type in answers that appear in a list
Quiz Source
Last Updated: Jul 14, 2017
Curator Pick in
Olympics
Quiz Scoreboard
CHALLENGE
Sign Up to Join the Scoreboard
Show All
Scores
Hide
Comments
May contain spoilers
Recently Published
TV Characters by Other Roles V
by ghcgh
Television
5m
Decade Duel: World Leaders
by jenniferyan
History
4m
Alphabetical 'K' Countries by Flag Minefield
by ylime102
Geography
3m
More to Explore
Quiz From the Vault
Featured Blog Post
15 Basketball Trivia Facts You Can Be March Mad About
hide this ad
You Might Also Like...
Tags
City Quiz
Country Quiz
Olympics Quiz
bid
host
Losing
Summer
Summer Olympics
Today's Top Quizzes in Sports
Browse Sports
hide this ad
Today's Top Quizzes in Olympics
Browse Olympics
Top Contributed Quizzes in Sports
1
Les joueurs à 100 buts en Ligue 1 Uber Eats
2
2022 World Cup Stars
3
Pick 6: NFL Teams
4
MLB 2 truths and a lie: Hall of Fame pitchers
5
Pick 6: Minor League Baseball
6
Millionaire: NBA Finals Edition
7
Pick 6: Olympics
8
50+ Goals in European Competition
9
Click the 1998 NBA Draft
10
Iconic Moments in Football - Multiple Choice
Explore More
Trending Topics
Kpop
Anime
Harry Potter
NBA
Marvel
Crossword
Disney
Puzzle
Pokémon
Country
Song
The Office
NFL
WWE
Soccer
hide this ad
More By:
DCU
Quiz
Plays
Rating
Category
Featured
Created
Summer Olympics Losing Bids
5,438
4.57
Sports
Oct 3, 2009
Most Daily Show Guest Appearances
544
5.00
Television
Dec 8, 2009
MST3K Many Names of David Ryder
362
4.93
Television
Jun 1, 2010
Before and After: Movies
294
4.20
Movies
Oct 13, 2009
The Soup Recurring Segments
288
4.10
Television
Oct 6, 2009
Go to Creator's Profile
Score Distribution
Quiz Creator Spotlight
DCU
Follow
Send a Message
Quizzes Created
-
Created Quiz Play Count
-
More By This Creator
Popular Quizzes Today
1
Countries of Asia Without Outlines Minefield
2
Find the US States - No Outlines Minefield
3
Pick 6: Fruits
4
The Countries of the World
5
Find the Countries of Europe - No Outlines Minefield
6
Alphabetical 'K' Countries by Flag Minefield
7
US States
8
Find the US States
More Sports Quizzes
FIFA World Cup Winner 11s: Brazil 1958
Quiz Lab
Trending Quizzes
Pick 6: Mountains
Pick 6: Harry Potter
Pick 6: NFL Teams
Pick 6: Flags
C Names for Actors
Recently Updated
Adaptations: Name the Title
pecheneg
NWSL Teams
pecheneg
Women's Final Four Teams by Year
bhenderson79
Presidents Quartet II
eogle
Anything But Clue(do)
eogle
Anything But Oceanian Capitals
eogle
Anything But 7
eogle
Anything But Thing
eogle
Word Ladder: February 29
pecheneg
Song Title Questions
pecheneg
Trending Topics
NBA
Crossword
Anime
Kpop
Harry Potter
Marvel
Disney
Soccer
NFL
WWE
Song
The Office
Country
Pokémon
Puzzle
Your Account Isn't Verified!
In order to create a playlist on Sporcle, you need to verify the email address you used during registration. Go to your
Sporcle Settings
to finish the process.
Report this User
Report this user for behavior that violates our
Community Guidelines
.
Details:
Send Report
Go to the Sporcle.com Mobile Site →
Comments